|
|
|
|
| LEADER |
00000 a a2200000 04500 |
| 001 |
33653 |
| 003 |
cru IIS |
| 005 |
20230523123748.0 |
| 008 |
230523b |||||||| |||| 00| 0 spa d |
| 020 |
|
|
|a 84-7426-430-8
|
| 040 |
|
|
|c CRAI/IIS
|
| 090 |
|
|
|a 0001 B844L
|
| 100 |
|
|
|a Picas, Joan
|9 11358
|
| 245 |
|
|
|a Los Límites la construcción social del subdesarrollo y el discurso del desarrollo /
|c Joan Picas
|
| 260 |
|
|
|a Barcelona:
|b Icaria
|
| 300 |
|
|
|a 25-58 p.
|
| 700 |
|
|
|a ed.
|a García, Francisco
|a ed.
|a Roca, Albert
|a ed.
|
| 942 |
|
|
|2 ddc
|c LI
|
| 999 |
|
|
|c 10407
|d 10407
|
| 773 |
0 |
|
|0 6014
|9 9019
|a Bretón, Víctor
|d Barcelona: Icaria
|o 00705
|t Los Límites del desarrollo: modelos rotos y modelos por construir en América Latina y Africa /
|w (cru CIDCACS/IIS)33654
|z 84-7426-430-8
|